Technical report writing today /

Bibliographic Details
Main Author: Pauley, Steven E.
Format: Book
Language:English
Published: Boston : Houghton Mifflin, [1979]
Edition:2d ed.
Subjects:

MARC

Tag First Indicator Second Indicator Subfields
LEADER 00000cam a2200000 i 4500
001 in00000040986
005 20151007070557.0
008 790702s1979 maua 00110 eng
010 |a  78069557  
019 |a 4976124 
020 |a 0395271118 
035 |a (OCoLC)04819108 
035 |9 AAE4282AM 
040 |a DLC  |c DLC  |d TXA  |d UtOrBLW 
049 |a TXAM  |c [1160249] 
050 0 0 |a T11  |b .P383 1979 
082 0 |a 808/.066/6 
100 1 |a Pauley, Steven E. 
245 1 0 |a Technical report writing today /  |c Steven E. Pauley. 
250 |a 2d ed. 
264 1 |a Boston :  |b Houghton Mifflin,  |c [1979] 
264 4 |c ©1979 
300 |a xii, 321 pages :  |b illustrations ;  |c 25 cm. 
336 |a text  |b txt  |2 rdacontent 
337 |a unmediated  |b n  |2 rdamedia 
338 |a volume  |b nc  |2 rdacarrier 
500 |a Includes index. 
650 0 |a Technical writing. 
999 |a MARS 
999 f f |s ab5cb183-6e0d-37b8-b773-3e0a3a8e0545  |i 145d00f6-8f99-3b38-9a16-e8630f775010  |t 0 
952 f f |p ric  |a Texas A&M University  |b Rellis Campus  |c Joint Library Facility  |d Remote Storage  |t 0  |e T11 .P383 1979  |h Library of Congress classification  |i unmediated -- volume  |m A14805258485 
998 f f |a T11 .P383 1979  |t 0  |l Remote Storage